000
00223 a2200097 4500
001
38714
100
_a
Khawar Usman
245
_a
Haryalyon kay Das main
260
_a
Lahore
_b
Ahmad Publishers
_c
1996
090
_c
24534
_d
24534
942
_a
NUST-CAE
_c
M
_c
16152
999
_c
273787
_d
273787